[Event "AUT-chT2W 9798"]
[Site "Austria"]
[Date "1997.??.??"]
[Round "7"]
[White "Bernardi, Markus"]
[Black "Schmidlechner, Alexander"]
[Result "0-1"]
[WhiteElo "2020"]
[BlackElo "2195"]
[PlyCount "64"]
[EventDate "1997.??.??"]
[EventType "team"]
[EventRounds "11"]
[EventCountry "AUT"]
[SourceTitle "EXT 1999"]
[Source "ChessBase"]
[SourceDate "1998.11.16"]
[SourceVersion "1"]
[SourceVersionDate "1998.11.16"]
[SourceQuality "1"]

1. d4 d5 2. Nf3 Nf6 3. c4 c6 4. e3 e6 5. Nc3 Nbd7 6. Qc2 Bd6 7. Be2 0-0 8. Bd2 dxc4 9. Bxc4 e5 10. Rd1 Qe7 11. Bb3 b6 12. dxe5 Nxe5 13. Nxe5 Qxe5 14. Ne2 Bf5 15. Qc3 Ne4 16. Qxe5 Bxe5 17. Bc3 Nxc3 18. bxc3 Rad8 19. Nd4 Bd7 20. f4 Bf6 21. e4 c5 22. Ne2 Bg4 23. e5 Rxd1+ 24. Bxd1 Bh4+ 25. g3 Be7 26. Bc2 Rd8 27. Be4 Be6 28. Nc1 f6 29. Rf1 fxe5 30. fxe5 Bg5 31. Nb3 a5 32. Bc6 a4 0-1